00378pab a2200133 454500008004000000100002400040245006400064260000900128300001100137362000800148650002200156700001900178773004700197180718b1987 xxu||||| |||| 00| 0 eng d aChambers, Robert G. aTax policies and the financially constrained farm household c1987 a369-77 aMay aTaxation - U.S.A. aRamon E. Lopez aAmerican Journal of Agricultural Economics